000 00392nam a2200181Ia 4500
001 5426
005 20250626025213.0
008 211022s9999 xx 000 0 und d
020 _a0004126335
082 _a751.4 REI
100 _aReid, Charles
245 0 _aPainting by design
260 _aLondon
260 _bHarper Collins Publishers
260 _c1991
300 _a
942 _cBK
999 _c3725
_d3725